000 00761nam a22002297a 4500
003 OSt
005 20230127124233.0
008 221006b |||||||| |||| 00| 0 eng d
020 _a978 3 03764 090 6
040 _cBiblioteca Lado V
082 _a708
_bE77s
100 _9685
_aEsparcil, Anne-Julie
_eeditor
245 _aSturevant/
_bThe Razzle Dazzle of Thinking/
260 _aEurope
_c2010
_bParis-Musees
300 _c23x31cm
_a302p.
650 _2Tesauro de Arte & Arquitectura
_aARTE
650 _2Tesauro de Arte & Arquitectura
_aCATALOGO
650 _2Tesauro de Arte & Arquitectura
_aEXHIBICION
650 _2Tesauro de Arte & Arquitectura
_aMUSEO
700 _aOstrander, Tobias
_eCurador
_928
942 _2ddc
_c1
_h708
_iE77s
_n0
999 _c2968
_d2968